00701nam a2200229 a 4500001001300000003000900013005001700022008004100039020002300080082001600103100002200119245004000141260004200181300000900223500003500232650002100267700002200288902000800310942000700318952012900325999001700454nice12345678IN_TiNIC20260116014841.0080403s2008 newa grp 000 0 eng  a8130706601 c59500a181.4bSEN1 aSen, Sris Chandra aMystic Philosophy of the Upanishads aNew Delhi bCosmo Publications c2008 a359p aincludes index and biblioraphy aPhilosophy-Hindu1 aSen, Sris Chandra bSRS cBK 001040708StackRoom-aHMIbHMId2008-04-03g595.00l4o181.4 SEN1p022342r2018-01-04s2018-01-03v595.00w2008-04-03yBK c17270d17270